| 000 | 00377nam a22001577a 4500 | ||
|---|---|---|---|
| 003 | OSt | ||
| 008 | 210814b ||||| |||| 00| 0 eng d | ||
| 082 |
_a294.5922 _bDUV |
||
| 100 | G | _aDUTT, Romesh C. | |
| 245 | _aThe Valmiki Ramayana | ||
| 250 | _a7th | ||
| 260 |
_aDelhi _bVijay Goel English Hindi Publisher _c2017 |
||
| 300 | _a166 | ||
| 650 | _aReligious | ||
| 942 |
_2ddc _cBK |
||
| 999 |
_c10916 _d10916 |
||